000 00314nam a22001337a 4500
003 SGT
082 _a347.0125
_bCHA
100 _aCHAND TEK
245 _aCONTEMPT
_bTHE LAW OF CONTEMPT OF COURT & LEGISLATURE
250 _a3
260 _aALLAHABAD
_bUNIVERSITY BOOK AGENCY
_c1994
300 _a614
942 _2ddc
_cBK
999 _c27729
_d27729